[Event "Hamburg St Pauli op-B"]
[Site "Hamburg"]
[Date "2013.07.08"]
[Round "3"]
[White "Weber, Dennis"]
[Black "Riess, Alexander"]
[Result "1/2-1/2"]
[WhiteElo "1881"]
[BlackElo "1678"]
[PlyCount "72"]
[EventDate "2013.07.06"]
[EventType "swiss"]
[EventRounds "9"]
[EventCountry "GER"]
[SourceTitle "EXT 2014"]
[Source "ChessBase"]
[SourceDate "2013.11.20"]
[SourceVersion "1"]
[SourceVersionDate "2013.11.20"]
[SourceQuality "1"]

1. d4 d5 2. c4 c6 3. cxd5 cxd5 4. Nc3 Nf6 5. Bf4 Nc6 6. e3 e6 7. Rc1 Bd6 8. Bg5 0-0 9. Bd3 Be7 10. f4 Qb6 11. Qd2 h6 12. Bxf6 Bxf6 13. Nf3 Bd7 14. Na4 Qb4 15. Nc5 Rfd8 16. Rc3 Rab8 17. Ke2 Be7 18. a3 Qb6 19. b4 Bxc5 20. Rxc5 Rdc8 21. Rhc1 a6 22. Qc3 Kf8 23. b5 axb5 24. Bxb5 Ke7 25. a4 f6 26. Qa3 Kf7 27. g4 Ra8 28. h4 Rc7 29. h5 Rac8 30. Qd3 Nb8 31. Qg6+ Kf8 32. Rxc7 Rxc7 33. Rxc7 Qxc7 34. Bd3 Bxa4 35. Qh7 Qf7 36. Nh4 Qg8 1/2-1/2